Countries With the Most Antarctic Stations - Statistics

General Stats
  • This quiz has been taken 12 times
  • The average score is 15 of 19
Answer Stats
# of Antarctic Stations Country % Correct
3 Australia
100%
12 Chile
100%
2 New Zealand
100%
6 Russia
100%
4 United Kingdom
100%
5 United States
100%
14 Argentina
92%
2 France
92%
2 Italy
92%
5 China
83%
2 India
83%
2 Norway
83%
2 Spain
75%
2 Sweden
75%
5 Germany
67%
2 Poland
58%
2 South Korea
58%
2 Uruguay
42%
2 Czechia
17%
No matching quizzes found
Score Distribution
Percent of People with Each Score
Percentile by Number Answered
Your Score History
You have not taken this quiz